000 01387nam a2200325 4500
003 EG-GICUC
005 20260121101344.0
008 251125s1986 ua ||||fr|||| 001 0 ara d
017 _a19861912
040 _a EG-GICUC
_bara
_c EG-GICUC
_d EG-GICUC
_erda
041 _aara
082 0 4 _221
_a341.851
_bم ح . م
092 0 4 _221
099 _aLaw1 12 341.851 م ح . م 1986
100 0 _aمحي الدين إسماعيل علم الدين
_eمؤلف.
245 1 0 _aمنصة التحكيم التجاري الدولي:
_cمحي الدين إسماعيل علم الدين.
_nالجزء الاول
_pالاحكام الصادرة في خمسين قضية دولية صدرت من محكمة التحكيم العليا بغرفة التجارة الدولية بباريس/
264 _aدون مكان نشر:
_bدون ناشر،
_c1986.
300 _a413 صفحة
_c24 سم
336 _2rda content
_atext
337 _2rda media
_aComputer
338 _2rda carrier
_aOnline Resource
504 _aيحتوي على اراجاعات ببليوجرافية
546 _aالنص أغلبه باللغة العربية مع بعض النصوص الفرنسية
600 _aالتحكيم
_xقانون دولي
650 1 _2qrmak
651 1 _2qrmak
856 4 0 _uhttps://fll.law.cu.edu.eg/fulltext/bks/B12-01550.pdf
905 _a75
_eYara
942 _2ddc
_n0
_cBK
_e21
999 _c46006
_d46006